[Event "XtraCon-Skakligaen"]
[Site "Denmark"]
[Date "2014.01.26"]
[Round "6.3"]
[White "Christensen, Tobias"]
[Black "Carstensen, Jacob"]
[Result "1/2-1/2"]
[WhiteElo "2355"]
[BlackElo "2372"]
[PlyCount "20"]
[EventDate "2013.11.02"]
[EventType "team-tourn"]
[EventRounds "9"]
[WhiteTeam "Aarhus/Skolerne"]
[BlackTeam "Bronshoj"]
[WhiteTeamCountry "DEN"]
[BlackTeamCountry "DEN"]

1. e4 c5 2. Nf3 d6 3. d4 Nf6 4. dxc5 Nxe4 5. cxd6 Nc6 6. Be3 Nxd6 7. Nc3 Bg4 8.
h3 Be6 9. Nd4 Bd7 10. Nb3 Nf5 1/2-1/2

[Event "XtraCon-Skakligaen"]
[Site "Denmark"]
[Date "2014.01.26"]
[Round "6.4"]
[White "Bromann, Thorbjorn"]
[Black "Pedersen, Finn"]
[Result "1/2-1/2"]
[WhiteElo "2356"]
[BlackElo "2310"]
[PlyCount "86"]
[EventDate "2013.11.02"]
[EventType "team-tourn"]
[EventRounds "9"]
[WhiteTeam "Bronshoj"]
[BlackTeam "Aarhus/Skolerne"]
[WhiteTeamCountry "DEN"]
[BlackTeamCountry "DEN"]

1. d4 d5 2. Bg5 h6 3. Bh4 c6 4. Nf3 Qb6 5. Qc1 g5 6. Bg3 g4 7. Ne5 Qxd4 8. c4
Be6 9. e3 Qb6 10. a4 Nf6 11. a5 Qd8 12. cxd5 cxd5 13. Bb5+ Nfd7 14. Nc3 Bg7 15.
O-O O-O 16. Nd3 a6 17. Ba4 Bf5 18. Nf4 e6 19. Nh5 Nc6 20. Bf4 Qh4 21. Nxg7 Kxg7
22. Qd2 Rfd8 23. e4 dxe4 24. Bc7 Nde5 25. Bxd8 Rxd8 26. Qf4 Nd3 27. Qe3 Nxa5
28. Nxe4 Nc4 29. Qg3 Qxg3 30. Nxg3 Bg6 31. Bc2 Ncxb2 32. Rfb1 Rd7 33. Nf1 h5
34. Ne3 Rc7 35. Ra3 b5 36. Rb3 Rxc2 37. Nxc2 Nc4 38. Ra1 Nc5 39. Rc3 Ne4 40.
Rb3 Nc5 41. Rc3 Ne4 42. Rxc4 bxc4 43. Rxa6 Nxf2 1/2-1/2

[Event "XtraCon-Skakligaen"]
[Site "Denmark"]
[Date "2014.01.26"]
[Round "6.5"]
[White "Rendboe, John Filip"]
[Black "Greger, Roland Reinhard"]
[Result "0-1"]
[WhiteElo "2214"]
[BlackElo "2308"]
[PlyCount "64"]
[EventDate "2013.11.02"]
[EventType "team-tourn"]
[EventRounds "9"]
[WhiteTeam "Aarhus/Skolerne"]
[BlackTeam "Bronshoj"]
[WhiteTeamCountry "DEN"]
[BlackTeamCountry "DEN"]

1. d4 Nf6 2. c4 e6 3. Nc3 Bb4 4. e3 c5 5. Bd3 Nc6 6. Nf3 d5 7. O-O O-O 8. a3
Bxc3 9. bxc3 dxc4 10. Bxc4 Qc7 11. Qe2 e5 12. h3 b6 13. a4 e4 14. Nd2 Na5 15.
Ba2 Re8 16. Ba3 Bd7 17. Nb3 cxd4 18. cxd4 Qc4 19. Qb2 Qxa4 20. Nxa5 Qxa5 21.
Rfc1 Qg5 22. Kh2 Be6 23. Bd6 Bxa2 24. Rxa2 Qd5 25. Bg3 a5 26. Ra3 Re6 27. Rb3
a4 28. Rb5 Qd7 29. d5 a3 30. Qb3 Ree8 31. Rc7 a2 32. Rxd7 Nxd7 0-1

[Event "XtraCon-Skakligaen"]
[Site "Denmark"]
[Date "2014.01.26"]
[Round "6.6"]
[White "Palm, Nikolaj"]
[Black "Ochsner, Thomas"]
[Result "1-0"]
[WhiteElo "2313"]
[BlackElo "2314"]
[PlyCount "81"]
[EventDate "2013.11.02"]
[EventType "team-tourn"]
[EventRounds "9"]
[WhiteTeam "Bronshoj"]
[BlackTeam "Aarhus/Skolerne"]
[WhiteTeamCountry "DEN"]
[BlackTeamCountry "DEN"]

1. d4 Nf6 2. Nf3 e6 3. e3 b6 4. Bd3 Bb7 5. O-O Be7 6. b3 O-O 7. Bb2 Ne4 8. Nbd2
f5 9. c4 Na6 10. a3 Bd6 11. Qe2 c5 12. Rad1 Qc7 13. Ne5 cxd4 14. exd4 Bxe5 15.
dxe5 Nac5 16. Bc2 a5 17. Nb1 h6 18. f3 Ng5 19. Nc3 Bc6 20. Ra1 Na6 21. Rfd1 Nf7
22. Nb5 Qd8 23. Bd4 Rb8 24. Qf2 Rb7 25. Rd2 Qb8 26. f4 Nc7 27. Bd3 Rc8 28. Nd6
Nxd6 29. exd6 Ne8 30. Be5 b5 31. c5 b4 32. Ba6 bxa3 33. Bxb7 Qxb7 34. Rxa3 Qb4
35. Rda2 Bb5 36. h3 Rxc5 37. Rxa5 Rc1+ 38. Kh2 Bc6 39. Ra8 Kf7 40. Rxe8 Kxe8
41. Qh4 1-0

[Event "XtraCon-Skakligaen"]
[Site "Denmark"]
[Date "2014.01.26"]
[Round "6.7"]
[White "Hagen, Kresten Skytte"]
[Black "Junge, Ralph"]
[Result "0-1"]
[WhiteElo "2166"]
[BlackElo "2305"]
[PlyCount "122"]
[EventDate "2013.11.02"]
[EventType "team-tourn"]
[EventRounds "9"]
[WhiteTeam "Aarhus/Skolerne"]
[BlackTeam "Bronshoj"]
[WhiteTeamCountry "DEN"]
[BlackTeamCountry "DEN"]

1. Nf3 g6 2. c4 Bg7 3. e4 c5 4. d4 cxd4 5. Nxd4 Nc6 6. Be3 Nf6 7. Nc3 Qa5 8.
Nb3 Qd8 9. Be2 O-O 10. O-O d6 11. f3 b6 12. Rc1 Bb7 13. Qd2 Re8 14. Rfd1 Nd7
15. Nd5 Nc5 16. Nd4 Nxd4 17. Bxd4 Bxd4+ 18. Qxd4 Rc8 19. Ne3 Ne6 20. Qd2 Qc7
21. b4 Qc6 22. Qb2 h5 23. Bf1 Red8 24. Nd5 Qe8 25. Qd2 Kh7 26. Bd3 Rd7 27. f4
Qh8 28. Bb1 Kg8 29. Qf2 Nf8 30. Qg3 b5 31. Qb3 Bxd5 32. Rxd5 bxc4 33. Rxc4 Rdc7
34. Rxc7 Rxc7 35. Rd1 Ne6 36. f5 Nd4 37. Qe3 Rc3 38. Qxd4 Qxd4+ 39. Rxd4 Rc1+
40. Kf2 Rxb1 41. a4 gxf5 42. exf5 Kg7 43. b5 Kf6 44. Rh4 Kxf5 45. Rxh5+ Kg6 46.
Rh8 d5 47. Ra8 e5 48. Rxa7 d4 49. Rb7 e4 50. a5 Rb2+ 51. Ke1 d3 52. Re7 f5 53.
b6 Kg5 54. g3 Kg4 55. Kd1 Kf3 56. Kc1 d2+ 57. Kxb2 d1=Q 58. b7 Qd6 59. a6 e3
60. Kb3 e2 61. Kc4 Qxa6+ 0-1

[Event "XtraCon-Skakligaen"]
[Site "Denmark"]
[Date "2014.01.26"]
[Round "6.8"]
[White "Holmsgaard, Henrik"]
[Black "Jensen, Jacob Bjerre"]
[Result "1/2-1/2"]
[WhiteElo "2297"]
[BlackElo "2156"]
[PlyCount "59"]
[EventDate "2013.11.02"]
[EventType "team-tourn"]
[EventRounds "9"]
[WhiteTeam "Bronshoj"]
[BlackTeam "Aarhus/Skolerne"]
[WhiteTeamCountry "DEN"]
[BlackTeamCountry "DEN"]

1. e4 e6 2. d4 d5 3. Nd2 Nf6 4. e5 Nfd7 5. f4 c5 6. Ngf3 Nc6 7. Nb3 c4 8. Nbd2
b5 9. Be2 Be7 10. Nf1 f6 11. exf6 Nxf6 12. Ng3 O-O 13. O-O Ne4 14. Qe1 Bd6 15.
Bd1 Nxg3 16. hxg3 Bd7 17. c3 Rf6 18. Bc2 Qb6 19. Qe2 Re8 20. Be3 Re7 21. Ne5
Be8 22. g4 Rf8 23. g5 Nxe5 24. fxe5 Rxf1+ 25. Rxf1 Bb8 26. Bf4 g6 27. Bd2 a5
28. a3 Bc7 29. Rf6 Rf7 30. Qf2 1/2-1/2

[Event "XtraCon-Skakligaen"]
[Site "Denmark"]
[Date "2014.01.26"]
[Round "6.1"]
[White "Hagen, Andreas Skytte"]
[Black "Schandorff, Lars"]
[Result "0-1"]
[WhiteElo "2421"]
[BlackElo "2522"]
[PlyCount "94"]
[EventDate "2013.11.02"]
[EventType "team-tourn"]
[EventRounds "9"]
[WhiteTeam "K41"]
[BlackTeam "Hillerod"]
[WhiteTeamCountry "DEN"]
[BlackTeamCountry "DEN"]

1. g3 c5 2. Bg2 g6 3. c4 Bg7 4. Nc3 Nc6 5. Nf3 d6 6. a3 Bf5 7. d3 Qc8 8. Rb1
Bh3 9. O-O Bxg2 10. Kxg2 Nf6 11. b4 b6 12. Bg5 h6 13. Bf4 O-O 14. Qd2 Kh7 15.
e4 Nh5 16. Be3 f5 17. exf5 gxf5 18. b5 Nd8 19. Qc2 Bxc3 20. Qxc3 e5 21. Ng1 f4
22. Bc1 Qb7+ 23. f3 Rg8 24. Qe1 fxg3 25. Qe4+ Qxe4 26. fxe4 gxh2+ 27. Kxh2 Ne6
28. Rf7+ Rg7 29. Rxg7+ Kxg7 30. Ne2 Rf8 31. Kg2 Kg6 32. a4 Nf6 33. Bd2 Ng4 34.
Rf1 Rxf1 35. Kxf1 h5 36. a5 bxa5 37. Bxa5 h4 38. Kg2 Kh5 39. Bd2 Nf6 40. Kf3
Nh7 41. Nc3 Nhg5+ 42. Bxg5 Nxg5+ 43. Kf2 Nh3+ 44. Kf3 Nf4 45. b6 axb6 46. Na4
Nxd3 47. Nxb6 Nb2 0-1

[Event "XtraCon-Skakligaen"]
[Site "Denmark"]
[Date "2014.01.26"]
[Round "6.2"]
[White "Borge, Nikolaj"]
[Black "Nilsson, Sebastian"]
[Result "1/2-1/2"]
[WhiteElo "2389"]
[BlackElo "2333"]
[PlyCount "126"]
[EventDate "2013.11.02"]
[EventType "team-tourn"]
[EventRounds "9"]
[WhiteTeam "Hillerod"]
[BlackTeam "K41"]
[WhiteTeamCountry "DEN"]
[BlackTeamCountry "DEN"]

1. e4 c5 2. Nf3 d6 3. Bb5+ Nd7 4. O-O Ngf6 5. Re1 a6 6. Bd3 Ne5 7. Nxe5 dxe5 8.
b3 g6 9. Bb2 Qc7 10. Nc3 Bg7 11. Nd5 Qd6 12. Ne3 Nd7 13. f4 O-O 14. f5 b6 15.
a4 Bb7 16. Bc3 Bc6 17. Qe2 Qc7 18. Nd5 Qd6 19. fxg6 hxg6 20. Bxa6 Bxd5 21. exd5
Qxd5 22. Bb5 e6 23. Qc4 Qxc4 24. bxc4 Ra7 25. Rab1 Rd8 26. d3 f6 27. Bxd7 Rdxd7
28. Rxb6 Rxa4 29. Reb1 Ra3 30. Be1 Ra2 31. R6b2 Rxb2 32. Rxb2 e4 33. Rb3 exd3
34. Rxd3 Ra7 35. Rd8+ Kf7 36. Rc8 Bf8 37. Kf1 Ra4 38. Ke2 Rxc4 39. Kd3 Rd4+ 40.
Kc3 Re4 41. Rc7+ Ke8 42. Rc8+ Kf7 43. Rc7+ Kg8 44. Bf2 Re2 45. Bxc5 Bxc5 46.
Rxc5 Rxg2 47. Rc8+ Kg7 48. Rc7+ Kh6 49. Rc6 Rxh2 50. Rxe6 Kg5 51. Kd3 Kf5 52.
Re1 g5 53. c4 g4 54. c5 g3 55. c6 Kg4 56. c7 Rh8 57. Re7 g2 58. Ke2 g1=N+ 59.
Ke3 Nh3 60. Ke4 Ng5+ 61. Kd5 Kf5 62. Kd6 Ne4+ 63. Kc6 Kf4 1/2-1/2

[Event "XtraCon-Skakligaen"]
[Site "Denmark"]
[Date "2014.01.26"]
[Round "6.3"]
[White "Stojanovski, Sandi"]
[Black "Ostergaard, Jens"]
[Result "1/2-1/2"]
[WhiteElo "2289"]
[BlackElo "2273"]
[PlyCount "45"]
[EventDate "2013.11.02"]
[EventType "team-tourn"]
[EventRounds "9"]
[WhiteTeam "K41"]
[BlackTeam "Hillerod"]
[WhiteTeamCountry "DEN"]
[BlackTeamCountry "DEN"]

1. d4 Nf6 2. c4 e6 3. Nc3 d5 4. Bg5 Be7 5. e3 O-O 6. Nf3 h6 7. Bh4 b6 8. Bd3
Bb7 9. O-O c5 10. Qe2 Nc6 11. dxc5 bxc5 12. cxd5 exd5 13. Rfd1 Nb4 14. Bc4 Qb6
15. Bxf6 Bxf6 16. Nxd5 Nxd5 17. Bxd5 Bxd5 18. Rxd5 Qxb2 19. Qxb2 Bxb2 20. Rb1
Ba3 21. Ne5 Rfd8 22. Rxd8+ Rxd8 23. h4 1/2-1/2

[Event "XtraCon-Skakligaen"]
[Site "Denmark"]
[Date "2014.01.26"]
[Round "6.4"]
[White "Jaksland, Tim"]
[Black "Laursen, Niels Norskov"]
[Result "1/2-1/2"]
[WhiteElo "2260"]
[BlackElo "2282"]
[PlyCount "34"]
[EventDate "2013.11.02"]
[EventType "team-tourn"]
[EventRounds "9"]
[WhiteTeam "Hillerod"]
[BlackTeam "K41"]
[WhiteTeamCountry "DEN"]
[BlackTeamCountry "DEN"]

1. c4 c5 2. g3 g6 3. Bg2 Bg7 4. Nc3 Nc6 5. e4 Nf6 6. Nge2 O-O 7. O-O Ne8 8. d3
Nc7 9. Be3 Ne6 10. Rb1 d6 11. a3 b6 12. b4 Bb7 13. f4 f5 14. exf5 gxf5 15. Bd5
Qd7 16. bxc5 dxc5 17. Bxc5 Kh8 1/2-1/2

[Event "XtraCon-Skakligaen"]
[Site "Denmark"]
[Date "2014.01.26"]
[Round "6.5"]
[White "Schmidt, Kristen"]
[Black "Nordenbaek, Jan"]
[Result "1-0"]
[WhiteElo "2262"]
[BlackElo "2261"]
[PlyCount "79"]
[EventDate "2013.11.02"]
[EventType "team-tourn"]
[EventRounds "9"]
[WhiteTeam "K41"]
[BlackTeam "Hillerod"]
[WhiteTeamCountry "DEN"]
[BlackTeamCountry "DEN"]

1. e4 c5 2. Nf3 Nc6 3. d4 cxd4 4. Nxd4 Nf6 5. Nc3 e5 6. Ndb5 d6 7. Bg5 a6 8.
Na3 b5 9. Bxf6 gxf6 10. Nd5 f5 11. c3 Bg7 12. exf5 Bxf5 13. Nc2 Be6 14. Nce3
Ne7 15. Nxe7 Qxe7 16. Bd3 d5 17. Qh5 d4 18. Nf5 Bxf5 19. Qxf5 dxc3 20. bxc3 Rd8
21. Be4 h5 22. O-O h4 23. Rfd1 Rh6 24. Rd5 Rxd5 25. Bxd5 Rd6 26. c4 bxc4 27.
Bxc4 Qc7 28. Bb3 Kf8 29. h3 Rd4 30. Qg5 Qe7 31. Qh5 Rf4 32. Rc1 Qa7 33. Rc8+
Ke7 34. Rc2 a5 35. Qg5+ Bf6 36. Qg8 Kd6 37. Bxf7 Qb7 38. Bb3 Qd7 39. Qf8+ Be7
40. Qh6+ 1-0

[Event "XtraCon-Skakligaen"]
[Site "Denmark"]
[Date "2014.01.26"]
[Round "6.6"]
[White "Andersen, Ib Hother"]
[Black "Naes, Flovin Tor"]
[Result "1/2-1/2"]
[WhiteElo "2119"]
[BlackElo "2252"]
[PlyCount "22"]
[EventDate "2013.11.02"]
[EventType "team-tourn"]
[EventRounds "9"]
[WhiteTeam "Hillerod"]
[BlackTeam "K41"]
[WhiteTeamCountry "DEN"]
[BlackTeamCountry "DEN"]

1. e4 e5 2. Nf3 Nc6 3. Bb5 a6 4. Ba4 Nf6 5. Qe2 b5 6. Bb3 Be7 7. Nc3 d6 8. Nd5
Na5 9. Nxe7 Qxe7 10. d3 O-O 11. Bg5 Nxb3 1/2-1/2

[Event "XtraCon-Skakligaen"]
[Site "Denmark"]
[Date "2014.01.26"]
[Round "6.7"]
[White "Andreasen, Joan Hendrik"]
[Black "Nohr, Finn"]
[Result "1/2-1/2"]
[WhiteElo "2239"]
[BlackElo "2102"]
[PlyCount "125"]
[EventDate "2013.11.02"]
[EventType "team-tourn"]
[EventRounds "9"]
[WhiteTeam "K41"]
[BlackTeam "Hillerod"]
[WhiteTeamCountry "DEN"]
[BlackTeamCountry "DEN"]

1. d4 Nf6 2. c4 c5 3. d5 b5 4. Nf3 g6 5. cxb5 a6 6. b6 d6 7. Nc3 Qxb6 8. Nd2
Bg7 9. e4 O-O 10. Be2 Nbd7 11. O-O Rb8 12. h3 Ne8 13. Nc4 Qd8 14. Qc2 Ne5 15.
Ne3 Nc7 16. a4 Rb4 17. Bd2 Nd7 18. Ncd1 Rb8 19. Ba5 Bd4 20. Kh1 Nb6 21. Rc1 Bd7
22. b3 Qc8 23. Kh2 f5 24. exf5 Bxf5 25. Nxf5 Qxf5 26. Qxf5 Rxf5 27. Bd3 Rf7 28.
Bxb6 Rxb6 29. Bc4 Rb8 30. Re1 Rbf8 31. Rc2 Be5+ 32. g3 Kg7 33. Kg2 Rf3 34. Rce2
R8f7 35. Re3 Rxe3 36. fxe3 a5 37. Nf2 Kf8 38. Nd3 Bc3 39. Re2 Rf5 40. h4 Ke8
41. e4 Rf8 42. Rc2 Bd4 43. Ne1 Kd8 44. Nf3 Ba1 45. Rf2 Bc3 46. Re2 Ba1 47. Ng5
h6 48. Nf3 Rf6 49. Nh2 h5 50. Nf3 Bc3 51. Rf2 Ba1 52. Ne1 Bd4 53. Rxf6 exf6 54.
Nd3 Ke7 55. Kf3 g5 56. Ne1 Ne8 57. Nc2 Bc3 58. Ne3 Ng7 59. Be2 g4+ 60. Kg2 Bd4
61. Nc4 Bc3 62. Bd3 Be1 63. Ne3 1/2-1/2

[Event "XtraCon-Skakligaen"]
[Site "Denmark"]
[Date "2014.01.26"]
[Round "6.8"]
[White "Svenninggaard, Thomas"]
[Black "Brinck Claussen, Bjorn"]
[Result "0-1"]
[WhiteElo "2143"]
[BlackElo "2248"]
[PlyCount "106"]
[EventDate "2013.11.02"]
[EventType "team-tourn"]
[EventRounds "9"]
[WhiteTeam "Hillerod"]
[BlackTeam "K41"]
[WhiteTeamCountry "DEN"]
[BlackTeamCountry "DEN"]

1. d4 Nf6 2. c4 e6 3. Nc3 Bb4 4. Qc2 c5 5. e3 O-O 6. Bd3 b6 7. Nge2 Bb7 8. O-O
d5 9. a3 Bxc3 10. Qxc3 dxc4 11. Qxc4 Nbd7 12. Rd1 Rc8 13. dxc5 Rxc5 14. Qa4 Qa8
15. f3 Bc6 16. Qh4 Rh5 17. Qf2 Ba4 18. Re1 Nc5 19. Nf4 Nxd3 20. Nxd3 Rd8 21.
Nf4 Rc5 22. b3 Bxb3 23. Bb2 e5 24. Nh3 Rc2 25. Re2 Rxe2 26. Qxe2 Qd5 27. Rc1 h6
28. e4 Qa5 29. Qe3 Be6 30. Nf2 Qb5 31. Rc2 Nd7 32. Rd2 Rc8 33. f4 exf4 34. Qxf4
Qg5 35. Qxg5 hxg5 36. h3 Rc4 37. Kh2 Nc5 38. Rd8+ Kh7 39. Ra8 Rc2 40. Bd4 Nb3
41. Be3 Re2 42. Nd1 g4 43. hxg4 Re1 44. Rxa7 Rxd1 45. Bxb6 Re1 46. e5 Rxe5 47.
Bd8 Re2 48. a4 Bd5 49. a5 Rxg2+ 50. Kh3 Nc5 51. Rxf7 Rd2 52. Rf8 Bg2+ 53. Kh4
Ne6 0-1

[Event "XtraCon-Skakligaen"]
[Site "Denmark"]
[Date "2014.01.26"]
[Round "6.1"]
[White "Pedersen, Christian Kyndel"]
[Black "Hector, Jonny"]
[Result "0-1"]
[WhiteElo "2427"]
[BlackElo "2503"]
[PlyCount "58"]
[EventDate "2013.11.02"]
[EventType "team-tourn"]
[EventRounds "9"]
[WhiteTeam "Jetsmark"]
[BlackTeam "Nordkalotten"]
[WhiteTeamCountry "DEN"]
[BlackTeamCountry "DEN"]

1. d4 d5 2. c4 c6 3. cxd5 cxd5 4. Bf4 Nc6 5. Nc3 e5 6. Bxe5 Nxe5 7. dxe5 d4 8.
Qa4+ b5 9. Nxb5 Bd7 10. Qa6 Qb8 11. e4 Bb4+ 12. Kd1 Nh6 13. h3 Qxe5 14. Nf3 Qf4
15. Bd3 O-O 16. Ke2 Rfe8 17. Nbxd4 Bc5 18. Kf1 Rad8 19. Ne2 Qb8 20. g4 Re6 21.
Qa5 Bb4 22. Qg5 Be7 23. Qe3 Kh8 24. Nf4 Bc5 25. Qxc5 Qxf4 26. Qe3 Qb8 27. Kg2
f5 28. Nd4 Rd6 29. e5 Rxd4 0-1

[Event "XtraCon-Skakligaen"]
[Site "Denmark"]
[Date "2014.01.26"]
[Round "6.2"]
[White "Brynell, Stellan"]
[Black "Rasmussen, Allan Stig"]
[Result "1/2-1/2"]
[WhiteElo "2492"]
[BlackElo "2499"]
[PlyCount "34"]
[EventDate "2013.11.02"]
[EventType "team-tourn"]
[EventRounds "9"]
[WhiteTeam "Nordkalotten"]
[BlackTeam "Jetsmark"]
[WhiteTeamCountry "DEN"]
[BlackTeamCountry "DEN"]

1. d4 d5 2. c4 dxc4 3. Nf3 a6 4. e3 b5 5. a4 Bb7 6. b3 e6 7. axb5 axb5 8. Rxa8
Bxa8 9. bxc4 bxc4 10. Bxc4 Nf6 11. Qa4+ Nbd7 12. Ba3 Bxa3 13. Qxa3 c5 14. Nbd2
O-O 15. dxc5 Qc7 16. O-O Qxc5 17. Qxc5 Nxc5 1/2-1/2

[Event "XtraCon-Skakligaen"]
[Site "Denmark"]
[Date "2014.01.26"]
[Round "6.3"]
[White "Ochsner, Bjorn Moller"]
[Black "Kristensen, Kaare Hove"]
[Result "1-0"]
[WhiteElo "2296"]
[BlackElo "2342"]
[PlyCount "97"]
[EventDate "2013.11.02"]
[EventType "team-tourn"]
[EventRounds "9"]
[WhiteTeam "Jetsmark"]
[BlackTeam "Nordkalotten"]
[WhiteTeamCountry "DEN"]
[BlackTeamCountry "DEN"]

1. e4 c5 2. Nf3 Nc6 3. d4 cxd4 4. Nxd4 e5 5. Nb5 a6 6. Nd6+ Bxd6 7. Qxd6 Qf6 8.
Qd1 Qg6 9. Nc3 Nge7 10. h4 h5 11. Bg5 d5 12. exd5 Nd4 13. Bd3 Bf5 14. Bxf5
Nexf5 15. Qd3 O-O 16. O-O-O Rac8 17. Be3 b5 18. Bxd4 Nxd4 19. f4 Qxd3 20. Rxd3
f6 21. Rd2 Rc5 22. Ne4 Rc4 23. Re1 b4 24. Kb1 a5 25. d6 Rd8 26. fxe5 fxe5 27.
c3 bxc3 28. bxc3 Nb5 29. Kc2 a4 30. Rd5 Na7 31. Kd3 Rc6 32. c4 Rb6 33. Rxe5 Rb2
34. Re2 a3 35. Rxb2 axb2 36. Kc2 Nc6 37. Rxh5 Rb8 38. Kb1 Nd4 39. d7 Kf7 40.
Nd6+ Ke6 41. Nb5 Nf5 42. Kxb2 Ne3 43. Kc3 Kxd7 44. Rg5 Rc8 45. Rxg7+ Ke6 46. h5
Kf6 47. Rg6+ Ke5 48. Nd6 Ra8 49. h6 1-0

[Event "XtraCon-Skakligaen"]
[Site "Denmark"]
[Date "2014.01.26"]
[Round "6.4"]
[White "Sylvan, Jacob"]
[Black "Jensen, Bjarke"]
[Result "0-1"]
[WhiteElo "2337"]
[BlackElo "2321"]
[PlyCount "84"]
[EventDate "2013.11.02"]
[EventType "team-tourn"]
[EventRounds "9"]
[WhiteTeam "Nordkalotten"]
[BlackTeam "Jetsmark"]
[WhiteTeamCountry "DEN"]
[BlackTeamCountry "DEN"]

1. e4 c5 2. Nf3 Nc6 3. d4 cxd4 4. Nxd4 Nf6 5. Nc3 e5 6. Ndb5 d6 7. a4 a6 8. Na3
Bg4 9. f3 Be6 10. Nc4 d5 11. exd5 Bxd5 12. Nxd5 Nxd5 13. Ne3 Qa5+ 14. c3 Rd8
15. Nxd5 Rxd5 16. Bd2 Qd8 17. Qc2 Bc5 18. O-O-O O-O 19. Bc4 Rd6 20. h4 Qb8 21.
Bg5 b5 22. Rxd6 Bxd6 23. Qe4 Ne7 24. axb5 axb5 25. Bxe7 Bxe7 26. Bd3 g6 27. h5
b4 28. c4 Bf6 29. c5 Qa7 30. hxg6 hxg6 31. Bc4 Kg7 32. Kb1 Qxc5 33. Rd1 Rc8 34.
b3 Rc7 35. Qd5 Qf2 36. Qd2 Qh4 37. Qe1 Rxc4 38. bxc4 Qxc4 39. Rd6 Qb3+ 40. Ka1
Qa3+ 41. Kb1 b3 42. Qd2 Bg5 0-1

[Event "XtraCon-Skakligaen"]
[Site "Denmark"]
[Date "2014.01.26"]
[Round "6.5"]
[White "Wiwe, Andreas"]
[Black "Nielsen, Lars Aaes"]
[Result "1-0"]
[WhiteElo "2287"]
[BlackElo "2268"]
[PlyCount "109"]
[EventDate "2013.11.02"]
[EventType "team-tourn"]
[EventRounds "9"]
[WhiteTeam "Jetsmark"]
[BlackTeam "Nordkalotten"]
[WhiteTeamCountry "DEN"]
[BlackTeamCountry "DEN"]

1. d4 e6 2. c4 b6 3. e4 Bb7 4. Bd3 Nc6 5. Ne2 Nb4 6. Nbc3 Nxd3+ 7. Qxd3 Ne7 8.
O-O g6 9. d5 Bg7 10. Qh3 e5 11. Bh6 O-O 12. f4 d6 13. f5 Bxh6 14. Qxh6 f6 15.
Rf3 Rf7 16. fxg6 hxg6 17. Rh3 Rg7 18. Rf1 Qf8 19. Qh8+ Kf7 20. Rxf6+ Kxf6 21.
Rf3+ Nf5 22. Qh4+ Kf7 23. exf5 g5 24. Qh5+ Kg8 25. Ne4 g4 26. Rf2 Qf7 27. Qh4
Rf8 28. N2g3 Rh7 29. Qxg4+ Qg7 30. Ng5 Bc8 31. h3 Rh6 32. b3 a6 33. Ne6 Bxe6
34. dxe6 Qxg4 35. hxg4 Rb8 36. Ne4 b5 37. cxb5 axb5 38. g5 Rh4 39. Nc3 c6 40.
f6 Rg4 41. Rf5 Kf8 42. Kh2 b4 43. Ne2 Re8 44. Kh3 Rxg5 45. Rxg5 Rxe6 46. Rf5 d5
47. Kg3 Kf7 48. Kf2 Re8 49. Ke3 c5 50. Kd3 Ke6 51. f7 Rf8 52. Rf1 Rxf7 53. Rxf7
Kxf7 54. Ng3 Kf6 55. Ne4+ 1-0

[Event "XtraCon-Skakligaen"]
[Site "Denmark"]
[Date "2014.01.26"]
[Round "6.6"]
[White "Jakobsen, Peter"]
[Black "Christensen, Stefan"]
[Result "1/2-1/2"]
[WhiteElo "2238"]
[BlackElo "2278"]
[PlyCount "112"]
[EventDate "2013.11.02"]
[EventType "team-tourn"]
[EventRounds "9"]
[WhiteTeam "Nordkalotten"]
[BlackTeam "Jetsmark"]
[WhiteTeamCountry "DEN"]
[BlackTeamCountry "DEN"]

1. d4 Nf6 2. c4 e6 3. Nf3 b6 4. a3 Bb7 5. Nc3 d5 6. cxd5 Nxd5 7. e3 Nd7 8. Bd3
Be7 9. e4 Nxc3 10. bxc3 O-O 11. O-O c5 12. Bf4 Qc8 13. Qe2 Rd8 14. Rfd1 Nf8 15.
h4 h6 16. h5 Nh7 17. e5 Qc6 18. Bb5 Qe4 19. Qxe4 Bxe4 20. a4 cxd4 21. cxd4 Rac8
22. a5 bxa5 23. Rxa5 Bc5 24. Ba6 Bb6 25. Raa1 Rc3 26. Be3 Bf5 27. Nh2 f6 28.
exf6 Nxf6 29. Be2 Nd5 30. Nf1 Rc2 31. Bd3 Bxd3 32. Rxd3 Nb4 33. Rdd1 Nc6 34.
Ra4 e5 35. d5 Nd4 36. Ng3 Rxd5 37. Raa1 Rb5 38. Rac1 Rbb2 39. Rxc2 Rxc2 40. Kf1
Kf7 41. Ne4 Ke6 42. g4 Rb2 43. f4 Rb4 44. f5+ Ke7 45. Nc3 Kf7 46. Nd5 Rc4 47.
f6 gxf6 48. Bxh6 Nc6 49. Nxb6 axb6 50. g5 Rf4+ 51. Ke1 fxg5 52. Bxg5 Rf5 53.
Be3 Rxh5 54. Rd6 Ne7 55. Bxb6 Nc8 56. Rc6 Nxb6 1/2-1/2

[Event "XtraCon-Skakligaen"]
[Site "Denmark"]
[Date "2014.01.26"]
[Round "6.7"]
[White "Helledie, Anders"]
[Black "Pedersen, Daniel V"]
[Result "1-0"]
[WhiteElo "2237"]
[BlackElo "2245"]
[PlyCount "53"]
[EventDate "2013.11.02"]
[EventType "team-tourn"]
[EventRounds "9"]
[WhiteTeam "Jetsmark"]
[BlackTeam "Nordkalotten"]
[WhiteTeamCountry "DEN"]
[BlackTeamCountry "DEN"]

1. e4 e5 2. Bc4 Nf6 3. d3 Nc6 4. Nc3 Na5 5. Qf3 c6 6. Nge2 d6 7. h3 Be7 8. Be3
O-O 9. O-O Nxc4 10. dxc4 Be6 11. b3 Qa5 12. Rfd1 Rfd8 13. Bd2 Qc7 14. Bg5 h6
15. Bxf6 Bxf6 16. Ng3 Bg5 17. Nf5 g6 18. h4 Be7 19. Nxh6+ Kg7 20. Nf5+ gxf5 21.
exf5 Bd7 22. Ne4 f6 23. Qg4+ Kf8 24. Qh5 Be8 25. Qh8+ Kf7 26. Qh7+ Kf8 27. Nxf6
1-0

[Event "XtraCon-Skakligaen"]
[Site "Denmark"]
[Date "2014.01.26"]
[Round "6.8"]
[White "Ejsing, Esben"]
[Black "Rathlev, Jakob"]
[Result "1/2-1/2"]
[WhiteElo "2153"]
[BlackElo "2250"]
[PlyCount "49"]
[EventDate "2013.11.02"]
[EventType "team-tourn"]
[EventRounds "9"]
[WhiteTeam "Nordkalotten"]
[BlackTeam "Jetsmark"]
[WhiteTeamCountry "DEN"]
[BlackTeamCountry "DEN"]

1. d4 f5 2. Nf3 Nf6 3. c4 e6 4. Nc3 b6 5. g3 Bb7 6. Bg2 Be7 7. O-O O-O 8. d5
Bb4 9. Nd4 Bxc3 10. bxc3 exd5 11. Ba3 c5 12. Nxf5 Ne4 13. cxd5 Nxc3 14. Qc2
Nxe2+ 15. Qxe2 Rxf5 16. Rfe1 Na6 17. Be4 Rf7 18. Bb2 Qg5 19. h4 Qh6 20. Rad1
Raf8 21. f4 d6 22. Bc1 Qf6 23. Bb2 Qh6 24. Bc1 Qf6 25. Bb2 1/2-1/2

[Event "XtraCon-Skakligaen"]
[Site "Denmark"]
[Date "2014.02.16"]
[Round "7.1"]
[White "Pedersen, Christian Kyndel"]
[Black "Hansen, Jacob Ost"]
[Result "1-0"]
[WhiteElo "2427"]
[BlackElo "2367"]
[PlyCount "61"]
[EventDate "2013.11.02"]
[EventType "team-tourn"]
[EventRounds "9"]
[WhiteTeam "Jetsmark"]
[BlackTeam "K41"]
[WhiteTeamCountry "DEN"]
[BlackTeamCountry "DEN"]

1. d4 Nf6 2. c4 c5 3. d5 e5 4. Nc3 d6 5. e4 Be7 6. g3 a6 7. Bg2 Nbd7 8. Nge2
O-O 9. O-O Ne8 10. Be3 Rb8 11. Rb1 b5 12. cxb5 axb5 13. b4 Ba6 14. Qd3 Nc7 15.
f4 Bf6 16. Bf2 Re8 17. Rfc1 g6 18. Nd1 c4 19. Qd2 Na8 20. Nec3 Nab6 21. Ne3
exf4 22. gxf4 Bxc3 23. Rxc3 Nf6 24. Qd4 Nbd7 25. Bh4 Kg7 26. Kh1 Qb6 27. Bxf6+
Nxf6 28. Nf5+ gxf5 29. Rg3+ Kf8 30. Qxf6 fxe4 31. Rg7 1-0